00222nam a22001097a 4500003000400000020001800004082001400022100001600036245002800052260002400080300000800104SGT a9780140075762 a954bI85A aAKBAR, M.J. aINDIA: THE SIEGE WITHIN bPENGUIN BOOKSc1985 a325